| 000 | 01064nab a22002297a 4500 | ||
|---|---|---|---|
| 999 |
_c6474 _d6474 |
||
| 003 | OSt | ||
| 005 | 20260212123225.0 | ||
| 008 | 190506c xxu||||| |||| 00| 0 spa d | ||
| 040 | _cPJ | ||
| 100 |
_95176 _aPicón, Liliana Noemí |
||
| 245 | 1 | 0 |
_aDiscriminación directa e indirecta en los ámbitos laborales : _bdesafíos probatorios / _cLiliana N. Picón. |
| 260 |
_aBuenos Aires : _bAbeledoPerrot, _c2023. |
||
| 300 | _ap. 3-9 | ||
| 500 | _aCita: TR LALEY AR/DOC/731/2023. | ||
| 505 | _aSumario: I. Introducción.— II. Carga de la prueba. Principios generales.— III. Las cargas probatorias dinámicas.—IV. Discriminación directa e indirecta. Distribución dinámica y pruebas estadísticas. | ||
| 505 | _t¿Te interesa el texto completo? Comunicate al correo: koha@justierradelfuego.gov.ar | ||
| 650 | 0 |
_91316 _aDERECHO LABORAL |
|
| 650 | 0 |
_91577 _aDISCRIMINACION LABORAL |
|
| 650 | 0 |
_91578 _aMOBBING |
|
| 773 | 0 |
_02751 _93202 _dBuenos Aires : AbeledoPerrot, 2013- _tRevista de derecho laboral y seguridad social. Nº 10 - Mayo 2023 |
|
| 942 |
_2udc _cANA |
||